00313nam a2200109Ia 4500008004100000050001500041100002100056245005300077260003600130300002400166650001300190150202s9999 xx 000 0 und d aFIC bFIC  aLevine, Sheila.  aIs dead and living in New York /cSheila Levine. aNew York :bBantam Booksc1972. a218 pages :c18 cm. aFiction.